<?xml version="1.0" encoding="UTF-8"?>
<record
    xmlns:xsi="http://www.w3.org/2001/XMLSchema-instance"
    xsi:schemaLocation="http://www.loc.gov/MARC21/slim http://www.loc.gov/standards/marcxml/schema/MARC21slim.xsd"
    xmlns="http://www.loc.gov/MARC21/slim">

  <leader>01172nam a2200265 u 4500</leader>
  <controlfield tag="001">962131</controlfield>
  <controlfield tag="005">20240201202721.0</controlfield>
  <controlfield tag="007">co|||||||</controlfield>
  <controlfield tag="008">060206s2005                        mul  </controlfield>
  <datafield tag="035" ind1=" " ind2=" ">
    <subfield code="a">962131</subfield>
  </datafield>
  <datafield tag="040" ind1=" " ind2=" ">
    <subfield code="c">comduadb</subfield>
  </datafield>
  <datafield tag="041" ind1=" " ind2=" ">
    <subfield code="a">POR</subfield>
    <subfield code="a">mul</subfield>
  </datafield>
  <datafield tag="080" ind1=" " ind2=" ">
    <subfield code="a">JF</subfield>
  </datafield>
  <datafield tag="110" ind1="2" ind2="0">
    <subfield code="a">Congreso Internacional del Clad sobre la Reforma del Estado y de la Administracion Publica (10.: 2005 : Santiago de Chile)</subfield>
    <subfield code="4">aut</subfield>
    <subfield code="e">aut</subfield>
    <subfield code="9">831080</subfield>
  </datafield>
  <datafield tag="245" ind1="1" ind2="3">
    <subfield code="a">El incremento de la capacidad de ejecucion de las politicas publicas : las asociaciones publico privadas y la participacion ciudadana</subfield>
  </datafield>
  <datafield tag="260" ind1=" " ind2=" ">
    <subfield code="a">Chile :</subfield>
    <subfield code="b">Centro Latinoamericano de Administracion para el Desarrollo (CLAD),</subfield>
    <subfield code="c">2005.</subfield>
  </datafield>
  <datafield tag="300" ind1=" " ind2=" ">
    <subfield code="a">1 CD-ROM + 1 texto (121 p.)</subfield>
  </datafield>
  <datafield tag="500" ind1=" " ind2=" ">
    <subfield code="a">CD-ROM contiene textos completos de las conferencias.</subfield>
  </datafield>
  <datafield tag="650" ind1=" " ind2="7">
    <subfield code="a">Pol&#xED;ticas p&#xFA;blicas</subfield>
    <subfield code="2">embne</subfield>
    <subfield code="9">110878</subfield>
  </datafield>
  <datafield tag="650" ind1=" " ind2="7">
    <subfield code="a">Participaci&#xF3;n ciudadana</subfield>
    <subfield code="2">lemb</subfield>
    <subfield code="9">64098</subfield>
  </datafield>
  <datafield tag="650" ind1=" " ind2="7">
    <subfield code="a">Administraci&#xF3;n p&#xFA;blica</subfield>
    <subfield code="2">lemb</subfield>
    <subfield code="9">69074</subfield>
  </datafield>
  <datafield tag="650" ind1=" " ind2="7">
    <subfield code="a">Administraci&#xF3;n p&#xFA;blica</subfield>
    <subfield code="2">lemb</subfield>
    <subfield code="9">69074</subfield>
  </datafield>
  <datafield tag="773" ind1="0" ind2=" ">
    <subfield code="t">Documentos : X Congreso Internacional del CLAD sobre Reforma del Estado y de la Administracion Publica</subfield>
    <subfield code="w">962177</subfield>
    <subfield code="0">380454</subfield>
  </datafield>
  <datafield tag="942" ind1=" " ind2=" ">
    <subfield code="c">BOOK</subfield>
    <subfield code="n">0</subfield>
  </datafield>
  <datafield tag="999" ind1=" " ind2=" ">
    <subfield code="c">377922</subfield>
    <subfield code="d">377922</subfield>
  </datafield>
</record>
